Largest Lakes by Continent Quiz Stats

 Plays Quiz not verified by Sporcle

Challenge
Share
Tweet
Embed
Score 0/7 Timer 03:00
0 Plays Today
Continent Lake % Correct
North AmericaLake Superior
94.2%
AfricaLake Victoria
91.6%
AsiaLake Baikal
81.5%
South AmericaLake Titicaca
78.5%
EuropeLake Ladoga
36%
OceaniaLake Eyre
29.8%
AntarcticaLake Vostok
16.7%

You're not logged in!

Compare scores with friends on all Sporcle quizzes.
Join for Free
OR
Log In

You Might Also Like...

Show Comments

Extras

Top Quizzes Today


Score Distribution

Your Account Isn't Verified!

In order to create a playlist on Sporcle, you need to verify the email address you used during registration. Go to your Sporcle Settings to finish the process.

Report this User

Report this user for behavior that violates our Community Guidelines.

Details: